SMM7 (Record no. 91714)

MARC details
000 -LEADER
fixed length control field 00960cam a2200265 4500
008 - FIXED-LENGTH DATA ELEMENTS--GENERAL INFORMATION
fixed length control field 090401t1988 xxu||||| |||| 00| 0 eng d
020 ## - INTERNATIONAL STANDARD BOOK NUMBER
International Standard Book Number 0854063609
035 ## - SYSTEM CONTROL NUMBER
System control number (Sirsi) u45424
041 0# - LANGUAGE CODE
Language code of text/sound track or separate title eng
050 04 - LIBRARY OF CONGRESS CALL NUMBER
Classification number 692.3 $2 18
110 2# - MAIN ENTRY--CORPORATE NAME
Corporate name or jurisdiction name as entry element Royal Institution of Chartered Surveyors
9 (RLIN) 4900
245 00 - TITLE STATEMENT
Title SMM7
Remainder of title standard method of measurement of building works
250 ## - EDITION STATEMENT
Edition statement 7th ed.
260 ## - PUBLICATION, DISTRIBUTION, ETC.
Place of publication, distribution, etc. London
Name of publisher, distributor, etc. Royal Institution of Chartered Surveyors
Date of publication, distribution, etc. 1988
300 ## - PHYSICAL DESCRIPTION
Extent 190p.
Dimensions 30cm.
350 ## - PRICE (NR) (BK AM CF MU VM SE) [OBSOLETE]
Price 17.50
520 ## - SUMMARY, ETC.
Summary, etc. Structured in common arrangement order as produced by the Co-ordinating Committee for Project Information .
520 ## - SUMMARY, ETC.
Summary, etc. Superseded by seventh revised edition (J93044).
650 24 - SUBJECT ADDED ENTRY--TOPICAL TERM
Topical term or geographic name entry element STANDARD METHOD OF MEASUREMENT (SEVENTH EDITION)
651 #4 - SUBJECT ADDED ENTRY--GEOGRAPHIC NAME
Geographic name International
690 ## - LOCAL SUBJECT ADDED ENTRY--TOPICAL TERM (OCLC, RLIN)
Topical term or geographic name as entry element BUILT ENVIRONMENT-QUANTITY SURVEYING-STANDARD METHOD OF MEASURMENT
710 ## - ADDED ENTRY--CORPORATE NAME
Corporate name or jurisdiction name as entry element Building Employers Confederation
9 (RLIN) 1705
942 ## - ADDED ENTRY ELEMENTS (KOHA)
Suppress in OPAC 0
948 ## - LOCAL PROCESSING INFORMATION (OCLC); SERIES PART DESIGNATOR (RLIN)
c (OCLC) 04/03/1997
Holdings
Withdrawn status Lost status Source of classification or shelving scheme Damaged status Not for loan Home library Current library Shelving location Date acquired Cost, normal purchase price Total Checkouts Full call number Barcode Date last seen Copy number Cost, replacement price Price effective from Koha item type Date last checked out
    Other/Generic Classification Scheme     London London Boxed set 14/09/1999 17.50   SMM 1988/1 30032306 06/08/2019 1 17.50 06/08/2019 Reference material  
    Other/Generic Classification Scheme     London London Boxed set 14/09/1999 17.50 1 SMM 1988/1 30032298 06/08/2019 2 17.50 06/08/2019 Book 05/06/2000
    Other/Generic Classification Scheme     London London Boxed set 14/09/1999 17.50 1 SMM 1988/1 30026706 06/08/2019 3 17.50 06/08/2019 Book 03/02/2003
    Other/Generic Classification Scheme     London London Boxed set 14/09/1999 17.50 3 SMM 1988/1 30032302 06/08/2019 4 17.50 06/08/2019 Book 13/09/2005